Game of thrones characters last words #2 - Statistics

General Stats
  • This quiz has been taken 103 times
  • The average score is 9 of 14
Answer Stats
Hint Answer % Correct
Let him go, or I will cut your wife’s throat catelyn stark
92%
you know nothing, jon snow Ygritte
92%
My hounds will never harm me, they’re loyal beasts ramsay bolton
89%
Mother robb stark
89%
You’re no son of mine tywin Lannister
82%
Egg, I dreamed, that I was old Aemon Targaryen
80%
say it, say her name oberyn martell
79%
Father! Please don’t do this! shireen baratheon
63%
I’m glad you’re my father myrcella baratheon
53%
Go on, do your duty stannis baratheon
53%
You’ll always be my first born roose bolton
51%
Let us through Margaery Tyrell
45%
It’s nothing joffrey baratheon
43%
I’m late for the trial tommen baratheon
36%
No matching quizzes found
Score Distribution
Percent of People with Each Score
Percentile by Number Answered
Your Score History
You have not taken this quiz